Kế toán thương mại dịch vụ : Lý thuyết - bài tập - bài giải mẫu và câu hỏi trắc nghiệm
Nội dung sách giới thiệu tổng quan về doanh nghiệp thương mại, dịch vụ, kế toán tiền và các khoản tương đương tiền. Kế toán xuất nhập khẩu, kế toán hoạt động kinh doanh dịch vụ,...Báo cáo tài chính....
Đã lưu trong:
| 主要作者: | |
|---|---|
| 格式: | 圖書 |
| 語言: | Undetermined |
| 出版: |
Hà Nội
Tài chính
2009
|
| 主題: | |
| 標簽: |
添加標簽
沒有標簽, 成為第一個標記此記錄!
|
| Thư viện lưu trữ: | Trung tâm Học liệu Trường Đại học Cần Thơ |
|---|
| LEADER | 01037nam a2200229Ia 4500 | ||
|---|---|---|---|
| 001 | CTU_154825 | ||
| 008 | 210402s9999 xx 000 0 und d | ||
| 020 | |c 99000 | ||
| 082 | |a 657.8 | ||
| 082 | |b Ph557 | ||
| 100 | |a Trần, Phước | ||
| 245 | 0 | |a Kế toán thương mại dịch vụ : | |
| 245 | 0 | |b Lý thuyết - bài tập - bài giải mẫu và câu hỏi trắc nghiệm | |
| 245 | 0 | |c Trần Phước (chủ biên) | |
| 260 | |a Hà Nội | ||
| 260 | |b Tài chính | ||
| 260 | |c 2009 | ||
| 520 | |a Nội dung sách giới thiệu tổng quan về doanh nghiệp thương mại, dịch vụ, kế toán tiền và các khoản tương đương tiền. Kế toán xuất nhập khẩu, kế toán hoạt động kinh doanh dịch vụ,...Báo cáo tài chính. | ||
| 650 | |a Business,Accounting,Kinh doanh,Kế toán | ||
| 650 | |x Accounting,Kế toán | ||
| 904 | |i Năm | ||
| 980 | |a Trung tâm Học liệu Trường Đại học Cần Thơ | ||